000 01105nam0a22003131 4500
001 RU\INFOCOMM_322\NLR\5000229097
005 20250613112224.0
035 _a(NLR Aleph) 009606458
090 _a9344016
_c9344016
100 _a20130313d1983 |||y0rusy50 ca
101 0 _aeng
102 _aRU
105 _ay z |||||
200 1 _aOn a search for mirror particles
_fL. B. Okun
210 _aМосква
_cИн-т теорет. и эксперим. физики
_d1983
215 _a10 с.
_d20 см
225 1 _aInstitute of theoretical and experimental physics
_vITEP-149
300 _aВ вып. дан.: О поисках зеркальных частиц / Л. Б. Окунь
320 _aБиблиогр.: с. 9-10
606 0 _aЧастицы (физ.) зеркальные
_xПоиск
_2nlr_sh1
686 _aВ382
_2rubbk
686 _aВ632.93
_2rubbk
700 1 _9z01790
_aOkun'
_bL. B.
_f1929-
_gLev Borisovič
790 1 _9z01700
_aOkun
_bL. B.
_4070
801 1 _aRU
_bInfocomm
_c20130313
801 0 _aRU
_bINFOCOMM
_gPSBO
852 _aNLR
_jФз01 Д-4/2291
942 _cBOOK
980 _aNB